000 02064nam a2200445 a 4500
001
003 OSt
005 20240221075649.0
008 110408s2010 dr r 000 j spa d
020 _a9993486124
040 _aDO-SdBNP
_bspa
_cBPMSU
082 _aRD863.44
_bC571p 2010
_222
245 0 1 _aLa ciguapa, el pícaro y la dama :
_brelatos y leyendas dominicanos /
_cJavier Angulo Guridi ... [et al.] ; selección de Andrés Blancos Díaz.
246 1 3 _aEl pícaro y la dama
260 _aSanto Domingo :
_bAlfaguara,
_c2010.
300 _a148 p. ;
_c22 cm.
490 0 _aAlfaguara
490 1 _aRoja
505 0 _tLa ciguapa /
_rJavier Angulo Guridi --
_tLa boca del indio /
_rAlejandro Llenas --
_tHumorada trágica /
_rFederico Henríquez y Carvajal --
_tPepa, Pepe y José /
_rAmelia Francasci --
_tLa novia de su ilustrísima /
_rTemístocles A. Ravelo --
_tLos diamantes negros /
_rJosé Ramón López --
_tEl aguador /
_rJosé Ramón López --
_tErnesto de Anqui6ses /
_rFabio Fiallo --
_tCándido Espuela /
_rVigil Díaz --
_tMingo /
_rTomás Hernández Franco --
_tZumbador /
_rJ. M. Sanz Lajara --
590 _aInventariado, 2022/VM
650 4 _aCuentos dominicanos
_vColecciones
650 4 _aLiteratura dominicana.
650 4 _aLeyendas dominicanas
650 4 _aAutores dominicanos
_vBiografìas
700 1 _aBlanco Díaz, Andrés
_epról.
700 1 _aAngulo Guridi, Javier
_tLa ciguapa
700 1 _aLlenas, Alejandro,
_d1844-1902
700 1 _aHenríquez i Carvajal, Federico,
_d1848-1952
700 1 _aFrancasci, Amelia
_tPepa, Pepe y José
700 1 _aRavelo, Temístocles A.
_tLa novia de su ilustrísima
700 1 _aPenson, César Nicolás
_tLos diamantes negros
700 1 _aLópez, José Ramón
_tEl aguador
700 1 _aFiallo, Fabio
_tErnesto de Anquises
700 1 _aDíaz, Vigil
_tCándido Espuela
700 1 _aHernández Franco, Tomás
_tMingo
700 1 _aSanz Lajara, J. M.
_tZumbador
700 1 _aCarvajal, Federico Henríquez i,
_d 1848-1952
910 _aVMateo V. Control de calidad. BPMSU
942 _2ddc
_cBK
999 _c7260
_d7260